[Event "American Continental 18th"]
[Site "Medellin"]
[Date "2024.05.30"]
[Round "9"]
[White "Fontecha Pastrana, Laura Sofia"]
[Black "Lopez Fuentes, Wilberth Sebastian"]
[Result "0-1"]
[WhiteElo "1559"]
[BlackElo "1838"]
[PlyCount "84"]
[EventDate "2024.05.24"]
[EventType "swiss"]
[EventRounds "11"]
[EventCountry "COL"]
[SourceTitle "CB23_2024"]
[SourceDate "2024.06.05"]
[SourceVersion "1"]
[SourceVersionDate "2024.06.05"]
[SourceQuality "1"]

1. e4 e6 2. d4 d5 3. Bd3 dxe4 4. Bxe4 c5 5. Ne2 Nf6 6. Bf3 Nc6 7. Be3 Nd5 8. Bxd5 Qxd5 9. Nbc3 Qh5 10. Nb5 Rb8 11. Bf4 a6 12. Bxb8 axb5 13. Bg3 Be7 14. dxc5 Qxc5 15. 0-0 0-0 16. Nf4 Rd8 17. Qh5 e5 18. Nd3 Qxc2 19. Nxe5 g6 20. Qh6 Qxb2 21. Nxc6 bxc6 22. Qc1 Qxc1 23. Rfxc1 Bf6 24. Rd1 Re8 25. Re1 Be6 26. Rac1 Rc8 27. Be5 Be7 28. Re2 Rd8 29. h3 c5 30. g4 Ra8 31. f4 Bc4 32. Rxc4 bxc4 33. Rc2 f6 34. Bc3 Kf7 35. Be1 Ra3 36. Kg2 Ke6 37. Rxc4 Rxa2+ 38. Bf2 Kd5 39. Rc3 c4 40. Kf3 Bb4 41. Rc1 Ra3+ 42. Kg2 Ra2 0-1

[Event "American Continental 18th"]
[Site "Medellin"]
[Date "2024.05.25"]
[Round "3"]
[White "Fontecha Pastrana, Laura Sofia"]
[Black "Ruiz Agudelo, Jeronimo"]
[Result "1-0"]
[WhiteElo "1559"]
[BlackElo "1902"]
[PlyCount "77"]
[EventDate "2024.05.24"]
[EventType "swiss"]
[EventRounds "11"]
[EventCountry "COL"]
[SourceTitle "CB23_2024"]
[SourceDate "2024.06.05"]
[SourceVersion "1"]
[SourceVersionDate "2024.06.05"]
[SourceQuality "1"]

1. e4 e5 2. Nf3 Nc6 3. Bb5 a6 4. Ba4 Nf6 5. d3 b5 6. Bb3 Be7 7. 0-0 0-0 8. c3 d6 9. h3 Na5 10. Bc2 c5 11. Nbd2 Qc7 12. c4 bxc4 13. Nxc4 Nc6 14. Ba4 Ne8 15. Bb3 g6 16. Bh6 Ng7 17. Ne3 Na5 18. Ba4 Be6 19. Ng5 Bxg5 20. Bxg5 Rab8 21. Qd2 Rb4 22. Bd1 f5 23. a3 Nb3 24. Qc3 Rb7 25. Rb1 f4 26. Ng4 Nh5 27. Nh6+ Kg7 28. Bxh5 gxh5 29. f3 Nd4 30. Qd2 Rb3 31. Rfd1 Rfb8 32. Qf2 Qb6 33. Qh4 Ne2+ 34. Kh2 Ng3 35. Bxf4 exf4 36. Qe7+ Kg6 37. Qxe6+ Kg5 38. h4+ Kxh4 39. Qf6# 1-0

[Event "COL-chT (Women)"]
[Site "Risaralda"]
[Date "2023.11.21"]
[Round "4.3"]
[White "Fontecha Pastrana, Laura Sofia"]
[Black "Rosero Yepez, Laura Daniela"]
[Result "1-0"]
[WhiteElo "1216"]
[BlackElo "1329"]
[PlyCount "75"]
[EventDate "2023.11.19"]
[EventType "team-swiss"]
[EventRounds "7"]
[EventCountry "COL"]
[SourceTitle "CB49_2023"]
[SourceDate "2023.12.06"]
[SourceVersion "1"]
[SourceVersionDate "2023.12.06"]
[SourceQuality "1"]
[WhiteTeam "Boyaca (W)"]
[BlackTeam "Narino (W)"]
[WhiteTeamCountry "COL"]
[BlackTeamCountry "COL"]

1. d4 d5 2. Bf4 g6 3. e3 Bg7 4. Nc3 c6 5. h4 Nf6 6. Be2 h5 7. Qd2 a5 8. Nf3 b5 9. Ne5 b4 10. Na4 Ne4 11. Qd1 Ba6 12. f3 Nf6 13. Nc5 Bxe2 14. Qxe2 Qc8 15. 0-0-0 Nfd7 16. e4 Nxc5 17. dxc5 e6 18. exd5 Bxe5 19. Qxe5 0-0 20. Bh6 f6 21. Qxe6+ Qxe6 22. dxe6 Re8 23. Rd6 Kh7 24. Bf4 a4 25. Re1 a3 26. b3 Ra5 27. e7 Ra7 28. Rd8 Raxe7 29. Rxe8 Rxe1+ 30. Rxe1 Kg7 31. Bxb8 f5 32. Re6 Kf7 33. Rxc6 Ke7 34. Rd6 g5 35. c6 gxh4 36. c7 Kxd6 37. c8Q+ Kd5 38. Qc4# 1-0

[Event "Velez Rapid op 10th"]
[Site "Velez Santander"]
[Date "2023.11.06"]
[Round "5"]
[White "Ayala Delgado, Sergio Alejandro"]
[Black "Fontecha Pastrana, Laura Sofia"]
[Result "1-0"]
[WhiteElo "2066"]
[BlackElo "1216"]
[PlyCount "80"]
[EventDate "2023.11.06"]
[EventType "swiss (rapid)"]
[EventRounds "10"]
[EventCountry "COL"]
[SourceTitle "Mega2024 Update 01"]
[Source "Chessbase"]
[SourceDate "2023.11.12"]
[SourceVersion "1"]
[SourceVersionDate "2023.11.12"]
[SourceQuality "1"]

1. e4 e5 2. Nf3 Nc6 3. Bc4 Nf6 4. d3 h6 5. 0-0 Bc5 6. c3 d6 7. h3 0-0 8. Be3 Bxe3 9. fxe3 Ne7 10. Nbd2 Ng6 11. d4 Qe7 12. Bd3 a5 13. a4 c6 14. Kh2 Bd7 15. Qe2 Rfb8 16. Nb3 Qd8 17. c4 Qb6 18. Ra3 c5 19. Qc2 Qb4 20. Nbd2 Ra6 21. Nb1 Rb6 22. Rf2 Be6 23. d5 Bd7 24. Nc3 Rc8 25. Nb5 Bxb5 26. axb5 Ra8 27. Ra4 Rxb5 28. cxb5 c4 29. Rxb4 cxd3 30. Qa4 Ne7 31. Rc4 Nc8 32. Qb3 Nb6 33. Rc7 Nxe4 34. Rf1 Nc5 35. Rxc5 dxc5 36. Nxe5 a4 37. Qxd3 Nc8 38. Nxf7 Ne7 39. d6 Nc8 40. d7 Ne7 1-0